|
|
|
|
| LEADER |
00000nam0a2200000 4500 |
| 001 |
33491 |
| 005 |
20231030214523.0 |
| 010 |
|
|
|a 5020137480
|
| 035 |
|
|
|a (RuTPU)RU\TPU\book\33836
|
| 035 |
|
|
|a BOOK00000487
|
| 090 |
|
|
|a 33491
|
| 100 |
|
|
|a 20011210d1988 km y0rusy50 ca
|
| 101 |
0 |
|
|a rus
|
| 102 |
|
|
|a RU
|
| 105 |
|
|
|a y z 000zy
|
| 200 |
1 |
|
|a Теория вероятностей и ее инженерные приложения
|f Е. С. Вентцель, Л. А. Овчаров
|
| 210 |
|
|
|a Москва
|c Наука
|d 1988
|
| 215 |
|
|
|a 480 с.
|
| 451 |
|
1 |
|0 (RuTPU)RU\TPU\book\15046
|y 5-06-003830-0
|t Теория вероятностей и ее инженерные приложения
|o учебное пособие для вузов
|f Е. С. Вентцель, Л. А. Овчаров
|e 2-е изд., стереотип.
|c М.
|n Высшая школа
|d 2000
|p 480 с.
|s Высшая математика для втузов
|a Вентцель, Елена Сергеевна
|
| 610 |
1 |
|
|a математическое моделирование
|
| 610 |
1 |
|
|a производственные процессы
|
| 610 |
1 |
|
|a оптимизация
|
| 610 |
1 |
|
|a теория вероятностей
|
| 610 |
1 |
|
|a инженерные приложения
|
| 675 |
|
|
|a 519.21
|v 3
|
| 700 |
|
1 |
|a Вентцель
|b Е. С.
|g Елена Сергеевна
|
| 701 |
|
1 |
|a Овчаров
|b Л. А.
|g Лев Александрович
|
| 801 |
|
0 |
|a RU
|b 63413507
|c 20011210
|g PSBO
|
| 801 |
|
2 |
|a RU
|b 63413507
|c 20211124
|g PSBO
|
| 900 |
|
|
|a Математическое моделирование и оптимизация производственных процессов
|
| 900 |
|
|
|a Надежность функционирования систем электроснабжения
|
| 900 |
|
|
|a Информационно-методическое обеспечение
|
| 900 |
|
|
|a Теория информации и ее приложение в автоматизированных системах
|
| 900 |
|
|
|a Статистические методы контроля и управления
|
| 942 |
|
|
|c BK
|